| 000 | 00677nam a2200205 a 4500 | ||
|---|---|---|---|
| 005 | 20240501063659.0 | ||
| 008 | 991125c1974 par 000 0 fre u | ||
| 035 | _aUPN01000011587 | ||
| 049 | _aCG | ||
| 050 | 4 |
_aPQ2639 O87 _bC63 |
|
| 100 | 1 |
_aToudouze, Geo _drges-Gustav, |
|
| 245 | 1 | 0 |
_aContes et legendes de l'ile-de-france / _cpar Georges-G Toudouze ; ills. de Yvon le Gall |
| 260 |
_aParís : _bF. Nathan, _c1974 |
||
| 300 |
_a253 p. : _bil. col. |
||
| 440 | 0 | _aCollection des contes et légends de tous les pays | |
| 600 | 1 | 4 |
_aTOUDOUZE, GEORGE- _dUSTAV, - _x1877- - _CRITICA E INTERPRETACION |
| 650 | 4 |
_aNovela francesa _98238 |
|
| 904 |
_aAC _b011588 |
||
| 905 | _aLibro | ||
| 999 |
_c11587 _d11587 |
||